[Event "ESP-ch rapid"]
[Site "Linares"]
[Date "2017.08.13"]
[Round "9"]
[White "Rubio Mejia, Luis Ignacio"]
[Black "Gonzalez Diaz, Julio"]
[Result "1/2-1/2"]
[WhiteElo "2442"]
[BlackElo "2263"]
[PlyCount "59"]
[EventDate "2017.08.13"]
[EventType "swiss (rapid)"]
[EventRounds "9"]
[EventCountry "ESP"]
[SourceTitle "CBM 179 Extra"]
[Source "ChessBase"]
[SourceDate "2017.08.23"]
[SourceVersion "1"]
[SourceVersionDate "2017.08.23"]
[SourceQuality "1"]

1. d4 g6 2. c4 Bg7 3. Nc3 d6 4. Nf3 Bg4 5. e3 c5 6. Be2 cxd4 7. exd4 Nc6 8. Be3 Nh6 9. Bxh6 Bxh6 10. d5 Bxf3 11. Bxf3 Ne5 12. Be2 0-0 13. 0-0 Rc8 14. b3 a6 15. Ne4 Qa5 16. a4 Bg7 17. Rb1 Qb4 18. f4 Nd7 19. Bd3 Nc5 20. Nxc5 Qxc5+ 21. Kh1 a5 22. f5 Be5 23. Qf3 Qd4 24. Qh3 Kg7 25. Rbe1 Qc3 26. Rb1 Qd4 27. Rf3 Bf6 28. Rbf1 Qh4 29. Qxh4 Bxh4 30. g3 1/2-1/2

[Event "Mare di Fano op 5th"]
[Site "Fano"]
[Date "2016.08.04"]
[Round "7"]
[White "Gonzalez Diaz, Julio"]
[Black "Cuhendi, Sean Winshand"]
[Result "0-1"]
[WhiteElo "2273"]
[BlackElo "2395"]
[PlyCount "134"]
[EventDate "2016.07.30"]
[EventType "swiss"]
[EventRounds "9"]
[EventCountry "ITA"]
[SourceTitle "CBM 173 Extra"]
[Source "ChessBase"]
[SourceDate "2016.08.29"]
[SourceVersion "1"]
[SourceVersionDate "2016.08.29"]
[SourceQuality "1"]

1. c4 g6 2. g3 Bg7 3. Bg2 e5 4. Nc3 d6 5. d3 f5 6. e4 Nc6 7. Nge2 Nf6 8. 0-0 0-0 9. Nd5 f4 10. gxf4 Nh5 11. fxe5 dxe5 12. Bd2 a5 13. Qc1 Be6 14. Be3 Qd7 15. Qd2 Bh3 16. Ng3 Nf4 17. Bxh3 Nxh3+ 18. Kg2 Nb4 19. f3 Nf4+ 20. Bxf4 exf4 21. Ne2 Nxd5 22. cxd5 g5 23. d4 Ra6 24. Rf2 g4 25. Qd3 Rh6 26. Kh1 g3 27. Rg2 Qh3 28. Rc1 gxh2 29. Rf1 Rg6 30. Rff2 Rxg2 31. Rxg2 Kh8 32. Nc3 Qh4 33. Qd2 Rf6 34. Rxh2 Qg3 35. Qf2 Rg6 36. e5 Qg5 37. Ne4 Qd8 38. Qh4 Qg8 39. Qh3 Bxe5 40. Rg2 Rxg2 41. Qxg2 Qxg2+ 42. Kxg2 Bxd4 43. b3 Be5 44. Kh3 Kg7 45. Kg4 Kg6 46. Nc5 h5+ 47. Kh4 b6 48. Ne4 Bd6 49. Nd2 Be7+ 50. Kh3 b5 51. a4 Bb4 52. Ne4 bxa4 53. bxa4 Kf5 54. Kh4 Ke5 55. Kxh5 Kxd5 56. Kg4 Ke5 57. Nf2 Bd2 58. Nd3+ Kd4 59. Nxf4 c5 60. Ne6+ Kd5 61. Kf5 c4 62. Nc7+ Kd4 63. Ne6+ Ke3 64. Ke5 c3 65. Nd4 Kd3 66. Kd5 Be3 67. Nb3 c2 0-1

[Event "Mare di Fano op 5th"]
[Site "Fano"]
[Date "2016.08.02"]
[Round "5"]
[White "Gonzalez Diaz, Julio"]
[Black "Legowo, Parahita Millyena"]
[Result "1-0"]
[WhiteElo "2273"]
[BlackElo "2085"]
[PlyCount "83"]
[EventDate "2016.07.30"]
[EventType "swiss"]
[EventRounds "9"]
[EventCountry "ITA"]
[SourceTitle "CBM 173 Extra"]
[Source "ChessBase"]
[SourceDate "2016.08.29"]
[SourceVersion "1"]
[SourceVersionDate "2016.08.29"]
[SourceQuality "1"]

1. e4 e6 2. d4 d5 3. Bd3 Nf6 4. e5 Nfd7 5. f4 c5 6. c3 Nc6 7. Nf3 Qb6 8. Bc2 cxd4 9. cxd4 Bb4+ 10. Nc3 f6 11. 0-0 0-0 12. Be3 Bxc3 13. bxc3 Na5 14. Bxh7+ Kxh7 15. Ng5+ fxg5 16. Qh5+ Kg8 17. fxg5 Rf5 18. g4 Nf8 19. gxf5 exf5 20. Rf2 Nc4 21. Bf4 Qg6 22. Qf3 Be6 23. h4 Qf7 24. h5 g6 25. Rh2 Qg7 26. Kf2 Bf7 27. hxg6 Nxg6 28. Rah1 Re8 29. Rh6 Re6 30. Bc1 Ncxe5 31. Qxf5 Ne7 32. Rh8+ Qxh8 33. Rxh8+ Kxh8 34. Qh3+ Kg8 35. dxe5 Rxe5 36. Be3 Be6 37. Qh2 Nc6 38. g6 Rf5+ 39. Ke1 d4 40. Qh7+ Kf8 41. g7+ Ke8 42. Qxf5 1-0

[Event "Mare di Fano op 5th"]
[Site "Fano"]
[Date "2016.07.31"]
[Round "2"]
[White "Laketic, Gojko"]
[Black "Gonzalez Diaz, Julio"]
[Result "1/2-1/2"]
[WhiteElo "2413"]
[BlackElo "2273"]
[PlyCount "154"]
[EventDate "2016.07.30"]
[EventType "swiss"]
[EventRounds "9"]
[EventCountry "ITA"]
[SourceTitle "CBM 173 Extra"]
[Source "ChessBase"]
[SourceDate "2016.08.29"]
[SourceVersion "1"]
[SourceVersionDate "2016.08.29"]
[SourceQuality "1"]

1. d4 g6 2. c4 Bg7 3. Nf3 d6 4. Nc3 Bg4 5. g3 Bxf3 6. exf3 c5 7. d5 Bxc3+ 8. bxc3 Qa5 9. Be2 Nd7 10. 0-0 0-0-0 11. a4 h5 12. h4 f5 13. Qb3 Ngf6 14. Bg5 Kc7 15. Rfb1 Rb8 16. Qc2 a6 17. Kg2 Rhe8 18. Rb3 e5 19. dxe6 Rxe6 20. Rab1 b6 21. R3b2 Rbe8 22. Bf1 Re1 23. Bf4 R1e6 24. Qb3 R8e7 25. Bg5 Re8 26. Kg1 Nh7 27. Bd2 Nhf6 28. Bg2 R6e7 29. Kf1 Re6 30. Bf4 R8e7 31. Rd2 Ne5 32. Bg5 Ned7 33. Rbd1 Re8 34. Bf4 Ne5 35. Re2 Ned7 36. Rxe6 Rxe6 37. Bg5 Nh7 38. Bh6 Nhf6 39. Rb1 Re8 40. Bg5 Re6 41. Qc2 Nh7 42. Bd2 Nhf6 43. Qb3 Re8 44. Rd1 Re6 45. Bg5 Nh7 46. Bf4 Nhf6 47. Rd2 Ne8 48. Bg5 Nef6 49. Re2 Rxe2 50. Kxe2 b5 51. cxb5 axb5 52. axb5 Kb6 53. c4 d5 54. Bd2 Qa8 55. Bc3 d4 56. Bb2 Qa5 57. Kd1 Ne8 58. f4 Nd6 59. Bc6 Nf6 60. f3 Nc8 61. Ke2 Ne7 62. Bc1 Nxc6 63. bxc6+ Kxc6 64. Qb8 Nd7 65. Qc8+ Kd6 66. Qg8 Qa2+ 67. Bd2 Kc7 68. Qd5 Qa6 69. Kf2 Qa2 70. Ke2 Qa6 71. Kf2 Qa2 72. Ke1 Qa1+ 73. Ke2 Qa6 74. Kf1 Qa1+ 75. Be1 Qa3 76. Ke2 Qa2+ 77. Bd2 Qa6 1/2-1/2

[Event "ESP-chT CECLUB Div2"]
[Site "Linares"]
[Date "2014.08.20"]
[Round "4.2"]
[White "Santos Ruiz, Miguel"]
[Black "Gonzalez Diaz, Julio"]
[Result "1/2-1/2"]
[WhiteElo "2306"]
[BlackElo "2286"]
[PlyCount "84"]
[EventDate "2014.08.18"]
[EventType "team-swiss"]
[EventRounds "6"]
[EventCountry "ESP"]
[SourceTitle "CBM 162 Extra"]
[Source "ChessBase"]
[SourceDate "2014.10.17"]
[SourceVersion "1"]
[SourceVersionDate "2014.10.17"]
[SourceQuality "1"]
[WhiteTeam "Espartinas Alekhine"]
[BlackTeam "Fontecarmoa CC"]
[WhiteTeamCountry "ESP"]
[BlackTeamCountry "ESP"]

1. e4 g6 2. d4 Bg7 3. Nc3 c6 4. h3 d5 5. Nf3 Nh6 6. Bd3 0-0 7. Qe2 dxe4 8. Nxe4 Nf5 9. c3 Nd7 10. 0-0 Nf6 11. Bf4 Nxe4 12. Bxe4 Nd6 13. Bc2 Be6 14. Ne5 Qc8 15. Nd3 Re8 16. Rfe1 b6 17. Bb3 Bxb3 18. axb3 Nb5 19. Qe4 Qb7 20. Nb4 Rac8 21. d5 cxd5 22. Nxd5 Kf8 23. Bg5 e6 24. Qb4+ Rc5 25. Be3 Qxd5 26. c4 a5 27. Bxc5+ Qxc5 28. Qxc5+ bxc5 29. cxb5 Bxb2 30. Ra2 Bc3 31. Re3 Bb4 32. Ra1 Rd8 33. Kf1 Ke7 34. Ke2 Rb8 35. Rd1 Rxb5 36. Red3 Rb7 37. Re3 h5 38. Kd3 Rd7+ 39. Kc2 Rc7 40. Kd3 Rd7+ 41. Kc2 Rc7 42. Kd3 Rd7+ 1/2-1/2

[Event "Sanxenxo Carlos op 6th"]
[Site "Sanxenxo"]
[Date "2014.06.29"]
[Round "9"]
[White "Abal Cores, Lucas"]
[Black "Gonzalez Diaz, Julio"]
[Result "0-1"]
[WhiteElo "2137"]
[BlackElo "2292"]
[PlyCount "78"]
[EventDate "2014.06.21"]
[EventType "swiss"]
[EventRounds "9"]
[EventCountry "ESP"]
[SourceTitle "CBM 161 Extra"]
[Source "ChessBase"]
[SourceDate "2014.08.29"]
[SourceVersion "1"]
[SourceVersionDate "2014.08.29"]
[SourceQuality "1"]

1. e4 g6 2. d4 Bg7 3. c3 d6 4. g3 Nf6 5. Bg2 0-0 6. Ne2 e5 7. 0-0 Qe7 8. Qc2 c6 9. h3 Ne8 10. Be3 f5 11. exf5 gxf5 12. f4 e4 13. c4 Nf6 14. Nd2 d5 15. c5 Na6 16. a3 Nc7 17. b4 Bd7 18. a4 h5 19. Rfb1 h4 20. Nf1 Kh8 21. Nc3 a6 22. Qe2 Bh6 23. gxh4 Rg8 24. Qf2 Nh5 25. Ne2 Rg6 26. Kh2 Bg7 27. Bd2 Bf6 28. Be1 Rag8 29. Bh1 Ng7 30. Ne3 Rh6 31. Ng2 Be8 32. Ra3 Bh5 33. Ng3 Nce6 34. Nxh5 Nxh5 35. Rd1 Qc7 36. Bd2 Bxd4 37. Qxd4+ Nxd4 38. Bc3 Nxf4 39. Bxd4+ Kh7 0-1

[Event "Sanxenxo Carlos op 6th"]
[Site "Sanxenxo"]
[Date "2014.06.28"]
[Round "8"]
[White "Gonzalez Diaz, Julio"]
[Black "Iagar, Razvan Gabriel"]
[Result "1/2-1/2"]
[WhiteElo "2292"]
[BlackElo "2168"]
[PlyCount "66"]
[EventDate "2014.06.21"]
[EventType "swiss"]
[EventRounds "9"]
[EventCountry "ESP"]
[SourceTitle "CBM 161 Extra"]
[Source "ChessBase"]
[SourceDate "2014.08.29"]
[SourceVersion "1"]
[SourceVersionDate "2014.08.29"]
[SourceQuality "1"]

1. e4 e6 2. d4 d5 3. Nd2 c5 4. dxc5 Bxc5 5. Bd3 Nf6 6. Qe2 Nc6 7. Ngf3 Nb4 8. e5 Nd7 9. 0-0 0-0 10. Nb3 Nxd3 11. cxd3 Be7 12. Nbd4 Nb8 13. Bf4 Bd7 14. Rfc1 a6 15. h3 Nc6 16. Nxc6 Bxc6 17. Be3 Rc8 18. Bd4 Bb5 19. Qe3 Qd7 20. Bb6 Rxc1+ 21. Rxc1 Rc8 22. Rxc8+ Qxc8 23. Nd4 Bd7 24. f4 Bc5 25. Bxc5 Qxc5 26. Kh2 Qb4 27. b3 Qc3 28. Nf3 h6 29. Qb6 Qc8 30. Qd6 Bb5 31. f5 Bxd3 32. f6 Be4 33. Nd2 Bd3 1/2-1/2

[Event "ESP-chT CECLUB 5th-12th"]
[Site "Linares"]
[Date "2013.08.24"]
[Round "1.2"]
[White "Rodriguez Melgar, Josep M"]
[Black "Gonzalez Diaz, Julio"]
[Result "0-1"]
[WhiteElo "2190"]
[BlackElo "2284"]
[PlyCount "146"]
[EventDate "2013.08.24"]
[EventType "team-match"]
[EventRounds "2"]
[EventCountry "ESP"]
[SourceTitle "CBM 156 Extra"]
[Source "ChessBase"]
[SourceDate "2013.10.22"]
[SourceVersion "1"]
[SourceVersionDate "2013.10.22"]
[SourceQuality "1"]
[WhiteTeam "Lleida"]
[BlackTeam "Artes de Lugo"]
[WhiteTeamCountry "ESP"]
[BlackTeamCountry "ESP"]

1. e4 d6 2. d4 Nf6 3. Nc3 g6 4. f4 Bg7 5. Nf3 c5 6. Be3 cxd4 7. Nxd4 0-0 8. Qd2 Ng4 9. Bg1 e5 10. Nde2 exf4 11. Nxf4 Nc6 12. 0-0-0 Qa5 13. Bc4 Nge5 14. Bb3 b5 15. Ncd5 Qd8 16. c3 Bg4 17. Ne2 Rb8 18. h3 Bxe2 19. Qxe2 a5 20. Kb1 a4 21. Bc2 a3 22. b3 b4 23. c4 Nd7 24. Be3 Re8 25. Rhf1 Rb7 26. Qf2 Rf8 27. g4 Qe8 28. Qg3 Qe6 29. g5 Nce5 30. Bd4 f6 31. gxf6 Nxf6 32. Bxe5 dxe5 33. Bd3 Nh5 34. Qe3 Rxf1 35. Bxf1 Bf8 36. c5 Qc6 37. Bc4 Kg7 38. Qg5 Qxc5 39. Qxe5+ Kh6 40. h4 Bd6 41. Qg5+ Kg7 42. e5 Qf2 43. Rd2 Qe1+ 44. Kc2 Qxe5 45. Qd8 Qb2+ 46. Kd3 Qb1+ 47. Kd4 Qg1+ 48. Kd3 Qb1+ 49. Kd4 Qg1+ 50. Kd3 Be5 51. Ne3 Nf6 52. Ke2 Qh2+ 53. Kd1 Qh1+ 54. Ke2 Qh2+ 55. Kd1 Qh1+ 56. Ke2 Qxh4 57. Nd5 Qe4+ 58. Ne3 Bc3 59. Rd6 Re7 60. Rd3 Qg2+ 61. Kd1 Qg1+ 62. Ke2 Qg2+ 63. Kd1 Qg1+ 64. Ke2 Qe1+ 65. Kf3 Qh1+ 66. Ke2 Qh5+ 67. Kf1 Qf3+ 68. Kg1 Qg3+ 69. Kf1 Rxe3 70. Rd7+ Nxd7 71. Qg8+ Kh6 72. Qxh7+ Kxh7 73. Bg8+ Kh6 0-1

[Event "Roquetas de Mar op 24th"]
[Site "Roquetas de Mar"]
[Date "2013.01.06"]
[Round "9"]
[White "Gonzalez Diaz, Julio"]
[Black "Del Rio de Angelis, Salvador Gabriel"]
[Result "0-1"]
[WhiteElo "2245"]
[BlackElo "2471"]
[PlyCount "80"]
[EventDate "2013.01.02"]
[EventType "swiss"]
[EventRounds "9"]
[EventCountry "ESP"]
[SourceTitle "CBM 152 Extra"]
[Source "ChessBase"]
[SourceDate "2013.02.25"]
[SourceVersion "1"]
[SourceVersionDate "2013.02.25"]
[SourceQuality "1"]

1. g3 d5 2. Bg2 Nf6 3. c4 e6 4. Nf3 Be7 5. 0-0 0-0 6. b3 c5 7. Bb2 Nc6 8. e3 dxc4 9. bxc4 Qb6 10. Qb3 Na5 11. Qxb6 axb6 12. Na3 Rd8 13. Rfd1 Bd7 14. d3 Ne8 15. Rab1 Nc6 16. Rd2 Nb4 17. Ne5 Bc8 18. Rbd1 Nxa2 19. Nc2 f6 20. Nf3 Bd7 21. Ra1 Bc6 22. e4 Nc7 23. Ne3 Nb4 24. Rxa8 Nxa8 25. Ne1 Nc7 26. f4 b5 27. Bc3 Nba6 28. cxb5 Nxb5 29. Ba5 Re8 30. Bh3 Nd4 31. Rb2 Kf7 32. Bb6 Nb8 33. Nc4 Nd7 34. Bc7 b5 35. Nd6+ Bxd6 36. Bxd6 b4 37. e5 Ra8 38. Kf2 b3 39. Ke3 Ra2 40. Rb1 Re2# 0-1

[Event "Krakow op-A 22nd"]
[Site "Krakow"]
[Date "2011.12.28"]
[Round "2"]
[White "Chrzaszcz, Malvina"]
[Black "Gonzalez Diaz, Julio"]
[Result "1-0"]
[WhiteElo "2084"]
[BlackElo "2249"]
[PlyCount "56"]
[EventDate "2011.12.27"]
[EventType "swiss"]
[EventRounds "9"]
[EventCountry "POL"]
[SourceTitle "CBM 146 Extra"]
[Source "ChessBase"]
[SourceDate "2012.02.29"]
[SourceVersion "1"]
[SourceVersionDate "2012.02.29"]
[SourceQuality "1"]

1. e4 c5 2. Nf3 g6 3. d4 cxd4 4. Nxd4 Bg7 5. Nc3 Nc6 6. Be3 Nf6 7. Bc4 d6 8. f3 Bd7 9. Qd2 0-0 10. Bb3 Na5 11. g4 Rb8 12. h4 b5 13. h5 Nc4 14. Bxc4 bxc4 15. Nd5 Nxd5 16. exd5 e5 17. dxe6 fxe6 18. hxg6 hxg6 19. Qh2 Qa5+ 20. Kf2 Qe5 21. Qh7+ Kf7 22. Rh6 Ke7 23. Rxg6 Rf7 24. Qh4+ Bf6 25. g5 Bg7 26. Rxe6+ Bxe6 27. Nc6+ Kd7 28. Nxe5+ Bxe5 1-0

[Event "Krakow op 21st"]
[Site "Krakow"]
[Date "2011.01.03"]
[Round "8"]
[White "Jablonska, Sabina"]
[Black "Gonzalez Diaz, Julio"]
[Result "1/2-1/2"]
[WhiteElo "1903"]
[BlackElo "2259"]
[PlyCount "115"]
[EventDate "2010.12.27"]
[EventType "swiss"]
[EventRounds "9"]
[EventCountry "POL"]
[SourceTitle "CBM 140 Extra"]
[Source "ChessBase"]
[SourceDate "2011.03.01"]
[SourceVersion "1"]
[SourceVersionDate "2011.03.01"]
[SourceQuality "1"]

1. e4 g6 2. d4 d6 3. Nc3 Bg7 4. f4 Nf6 5. Nf3 0-0 6. Bd3 Nh5 7. 0-0 Bg4 8. Be2 e6 9. Be3 Nd7 10. Qe1 e5 11. fxe5 dxe5 12. dxe5 c6 13. h3 Bxf3 14. Bxf3 Nxe5 15. Bxh5 gxh5 16. Rd1 Qe7 17. Qf2 b6 18. Qf5 Nc4 19. Bc1 Nd6 20. Qxh5 Nxe4 21. Nxe4 Qxe4 22. c3 Rae8 23. Bh6 Re5 24. Bg5 h6 25. Rd8 Rxg5 26. Rxf8+ Kh7 27. Qf3 Qxf3 28. Rxf3 Bxf8 29. Rxf7+ Kg8 30. Rxa7 Ra5 31. Rxa5 bxa5 32. Kf2 Kf7 33. Ke3 Ke6 34. Kd4 h5 35. g4 h4 36. a3 Kd6 37. b4 axb4 38. cxb4 Kc7 39. Kc4 Kb6 40. a4 Be7 41. b5 c5 42. g5 Bxg5 43. a5+ Kxa5 44. Kxc5 Be3+ 45. Kc4 Bf2 46. Kd3 Kxb5 47. Ke2 Bb6 48. Kf3 Kc4 49. Kg4 Bd8 50. Kf3 Kd3 51. Kf2 Kd2 52. Kf3 Ke1 53. Kg2 Be7 54. Kg1 Bc5+ 55. Kg2 Ba7 56. Kh1 Bf2 57. Kg2 Bg3 58. Kh1 1/2-1/2